| 000 | 00566nam a2200193Ia 4500 | ||
|---|---|---|---|
| 008 | 150610s9999 xx 000 0 und d | ||
| 020 | _a9780545259088 | ||
| 050 |
_a PZ7 _b .St52t 2011 |
||
| 100 | _aStiefvater, Maggie, 1981- | ||
| 245 |
_aForever / _cMaggie Stiefvater. |
||
| 250 | _a1st ed. | ||
| 260 |
_aNew York : _bScholastic Press, _c2011. |
||
| 300 |
_a390pages ; _c22 cm. ; |
||
| 520 | _aFiction. | ||
| 650 |
_aHuman animal relationships _bFiction. |
||
| 650 |
_aLove _xFiction. |
||
| 650 |
_aMetamorphosis _bFiction. |
||
| 650 |
_aWolves _xFiction. |
||
| 999 |
_c287840 _d287840 |
||